[Event "Negambo op 4th"]
[Site "Negambo"]
[Date "2018.08.18"]
[Round "6"]
[White "Senanayaka, PD."]
[Black "Bandara, WKSV"]
[Result "1-0"]
[WhiteElo "1702"]
[BlackElo "1255"]
[PlyCount "127"]
[EventDate "2018.08.16"]
[EventType "swiss"]
[EventRounds "10"]
[EventCountry "SRI"]
[SourceTitle "CBM 186 Extra"]
[Source "ChessBase"]
[SourceDate "2018.08.24"]
[SourceVersion "1"]
[SourceVersionDate "2018.08.24"]
[SourceQuality "1"]

1. Nf3 d5 2. d4 Nf6 3. e3 Bf5 4. c4 e6 5. Nc3 Be7 6. Bd3 Bxd3 7. Qxd3 Nc6 8. a3 0-0 9. 0-0 a6 10. b4 Qd7 11. Bb2 dxc4 12. Qxc4 Rfd8 13. Rad1 b5 14. Qe2 Nd5 15. Nxd5 exd5 16. Rc1 Bd6 17. Qc2 Ne7 18. Ne5 Qf5 19. Qxf5 Nxf5 20. Nc6 Re8 21. Rc2 Ne7 22. Na5 Rab8 23. Rfc1 g6 24. g4 Rb6 25. h3 f5 26. f3 fxg4 27. hxg4 Nc8 28. Kf2 Rb8 29. Rc6 Nb6 30. R1c2 Re6 31. R6c3 Rf8 32. Kg2 Rfe8 33. Bc1 Kg7 34. Rf2 g5 35. Rcc2 Rh6 36. f4 Rh4 37. Kg3 Rh1 38. Kg2 Rh4 39. Kg3 Rh1 40. Rh2 Rg1+ 41. Rhg2 Rh1 42. Kf3 gxf4 43. exf4 Ree1 44. Bb2 Ref1+ 45. Rgf2 Na4 46. g5 Nxb2 47. Rxb2 Rh3+ 48. Kg4 Rxf2 49. Rxf2 Rxa3 50. Nc6 Rc3 51. Nd8 Bxb4 52. f5 Rc4 53. f6+ Kf8 54. Kf5 Rc3 55. Rh2 Kg8 56. f7+ Kg7 57. Ke6 Rg3 58. Kd7 Bd6 59. Rf2 Re3 60. Ne6+ Kg6 61. Rf6+ Kh5 62. Rh6+ Kg4 63. Rxh7 Rxe6 64. Kxe6 1-0

[Event "Negambo op 4th"]
[Site "Negambo"]
[Date "2018.08.17"]
[Round "3"]
[White "De Silva, T Dinura Hemjith"]
[Black "Senanayaka, PD."]
[Result "0-1"]
[WhiteElo "1175"]
[BlackElo "1702"]
[PlyCount "86"]
[EventDate "2018.08.16"]
[EventType "swiss"]
[EventRounds "10"]
[EventCountry "SRI"]
[SourceTitle "CBM 186 Extra"]
[Source "ChessBase"]
[SourceDate "2018.08.24"]
[SourceVersion "1"]
[SourceVersionDate "2018.08.24"]
[SourceQuality "1"]

1. d4 d5 2. Nf3 c6 3. e3 e6 4. b3 Bd6 5. Bb2 Nd7 6. Bd3 Qc7 7. c4 Bb4+ 8. Nbd2 Qa5 9. 0-0 Ngf6 10. c5 Bxd2 11. Qxd2 Qxd2 12. Nxd2 0-0 13. Rac1 Re8 14. Nf3 e5 15. dxe5 Ng4 16. e6 fxe6 17. Ng5 Ngf6 18. Nf3 e5 19. Bb1 e4 20. Nd4 Nf8 21. Rfe1 Bd7 22. h3 Re7 23. Ne2 Rae8 24. Ng3 Ng6 25. Bd4 Nh4 26. Kh1 Rf8 27. Rc2 Ne8 28. Rf1 Nc7 29. Kg1 Ne6 30. Be5 Ref7 31. Ne2 Nf5 32. Rd2 Nxe3 33. Re1 Rxf2 34. Bf4 Rxg2+ 35. Kh1 Nxf4 36. Nxf4 Rxd2 37. Rxe3 Rxf4 38. Re1 Bxh3 39. a4 Rff2 40. Kg1 Rg2+ 41. Kh1 Rh2+ 42. Kg1 Rdg2+ 43. Kf1 Rg3# 0-1

[Event "Negambo op 4th"]
[Site "Negambo"]
[Date "2018.08.16"]
[Round "2"]
[White "Senanayaka, PD."]
[Black "Maithripala, WDPN"]
[Result "1-0"]
[WhiteElo "1702"]
[BlackElo "1002"]
[PlyCount "123"]
[EventDate "2018.08.16"]
[EventType "swiss"]
[EventRounds "10"]
[EventCountry "SRI"]
[SourceTitle "CBM 186 Extra"]
[Source "ChessBase"]
[SourceDate "2018.08.24"]
[SourceVersion "1"]
[SourceVersionDate "2018.08.24"]
[SourceQuality "1"]

1. Nf3 d5 2. d4 Nf6 3. e3 e6 4. Bd3 c5 5. b3 Nc6 6. 0-0 Bd6 7. Bb2 cxd4 8. exd4 Qc7 9. a3 Bd7 10. Nbd2 0-0-0 11. c4 h5 12. c5 Be7 13. b4 a6 14. Bc3 Rdg8 15. a4 Na7 16. b5 Qf4 17. bxa6 bxa6 18. Ba5 Bc6 19. Bxa6+ Kd7 20. Bb6 Ra8 21. Ne5+ Ke8 22. Nxc6 Nxc6 23. Bb7 Rb8 24. Bxc6+ Kf8 25. Nf3 h4 26. Qd2 Qg4 27. h3 Qg6 28. Qg5 Qd3 29. Bb5 Qh7 30. Qf4 Rc8 31. c6 Ne8 32. Ne5 Nd6 33. Bd3 Qh6 34. Ng6+ Ke8 35. Qxh6 Rxh6 36. Nxe7 Kxe7 37. c7 Kd7 38. Bb5+ Nxb5 39. axb5 e5 40. Ba5 exd4 41. b6 Kc6 42. Rfb1 Kb7 43. Rd1 g5 44. Rxd4 Rd6 45. Rad1 Kc6 46. Rc1+ Kb7 47. Rc5 f6 48. Rcxd5 Rxd5 49. Rxd5 Kc6 50. Rd8 Kb7 51. g4 hxg3 52. fxg3 f5 53. h4 gxh4 54. gxh4 f4 55. h5 f3 56. h6 f2+ 57. Kxf2 Rxd8 58. cxd8Q Kc6 59. b7 Kxb7 60. Qc7+ Ka8 61. Qg7 Kb8 62. h7 1-0

[Event "Negombo op 3rd"]
[Site "Negambo"]
[Date "2017.08.22"]
[Round "6"]
[White "Gamage, Randula Navodya"]
[Black "Senanayaka, PD."]
[Result "1/2-1/2"]
[WhiteElo "1391"]
[BlackElo "1800"]
[PlyCount "99"]
[EventDate "2017.08.20"]
[EventType "swiss"]
[EventRounds "10"]
[EventCountry "SRI"]
[SourceTitle "CBM 180 Extra"]
[Source "ChessBase"]
[SourceDate "2017.10.06"]
[SourceVersion "1"]
[SourceVersionDate "2017.10.06"]
[SourceQuality "1"]

1. d4 d5 2. Nf3 c6 3. c4 e6 4. Nc3 f5 5. cxd5 exd5 6. Bf4 Nf6 7. e3 Qa5 8. Qa4 Qxa4 9. Nxa4 Bb4+ 10. Nc3 Ne4 11. Rc1 Nd7 12. Bd3 h6 13. Bxe4 fxe4 14. Ne5 Nxe5 15. Bxe5 0-0 16. 0-0 Be6 17. a3 Be7 18. Na4 Rae8 19. Nc5 Bc8 20. Na4 Rf5 21. Nc3 Rg5 22. Ne2 Rf5 23. Ng3 Rf7 24. Ne2 Ref8 25. Nf4 Kh7 26. Ne2 Be6 27. Nf4 Bd7 28. Rc2 g5 29. Ne2 h5 30. Rcc1 c5 31. Nc3 cxd4 32. Bxd4 a6 33. Nxd5 Bb5 34. Nxe7 Bxf1 35. Rxf1 Rd8 36. h3 Rxe7 37. Bf6 Rdd7 38. Bxe7 Rxe7 39. Rc1 Rd7 40. Kf1 Kg6 41. Ke2 Rd6 42. Rc4 Kf5 43. Rc5+ Kf6 44. h4 gxh4 45. Rxh5 Rd3 46. Rh6+ Kf5 47. Rb6 Rd7 48. Rb4 Rg7 49. Kf1 Rc7 50. Kg1 1/2-1/2

[Event "Negombo op 2nd"]
[Site "Negombo"]
[Date "2016.08.16"]
[Round "7"]
[White "Askey, Roshell Nathasha"]
[Black "Senanayaka, PD."]
[Result "0-1"]
[WhiteElo "1527"]
[BlackElo "1761"]
[PlyCount "100"]
[EventDate "2016.08.13"]
[EventType "swiss"]
[EventRounds "9"]
[EventCountry "SRI"]
[SourceTitle "EXT 2019"]
[Source "ChessBase"]
[SourceDate "2018.10.10"]
[SourceVersion "1"]
[SourceVersionDate "2018.10.10"]
[SourceQuality "1"]

1. e4 d5 2. exd5 Qxd5 3. Nc3 Qd6 4. d4 Nf6 5. Nf3 g6 6. Bc4 Bg7 7. 0-0 a6 8. Ne5 0-0 9. h3 Nc6 10. Nf3 b5 11. Bb3 Bb7 12. Qe2 e6 13. Be3 Ne7 14. Rad1 Nf5 15. Nb1 Nd5 16. Rfe1 Ndxe3 17. fxe3 Bh6 18. Qf2 Rad8 19. Nbd2 c5 20. c3 a5 21. Bc2 Qc7 22. e4 Ne7 23. dxc5 Bf4 24. Nf1 Rc8 25. Nd4 Ba6 26. b4 Be5 27. a3 Rcd8 28. Ne2 Nc6 29. Kh1 axb4 30. cxb4 Bb2 31. Qe3 Bf6 32. Nh2 Bg7 33. Qg3 Be5 34. Qf2 Bxh2 35. g3 Bxg3 36. Nxg3 Qe5 37. Rg1 Qc3 38. Kh2 Ne5 39. Nh5 Nf3+ 40. Kh1 Nxg1 41. Rxg1 Qxh3+ 42. Qh2 Qxh2+ 43. Kxh2 Rd2+ 44. Kh1 Rxc2 45. Nf6+ Kg7 46. e5 Bb7+ 47. Rg2 Rxg2 48. c6 Bxc6 49. a4 Rd8 50. axb5 Rd1# 0-1

[Event "Negombo op 2nd"]
[Site "Negombo"]
[Date "2016.08.13"]
[Round "2"]
[White "Senanayaka, PD."]
[Black "Nobert, WD Sachini Jessica"]
[Result "1-0"]
[WhiteElo "1761"]
[BlackElo "1105"]
[PlyCount "43"]
[EventDate "2016.08.13"]
[EventType "swiss"]
[EventRounds "9"]
[EventCountry "SRI"]
[SourceTitle "EXT 2019"]
[Source "ChessBase"]
[SourceDate "2018.10.10"]
[SourceVersion "1"]
[SourceVersionDate "2018.10.10"]
[SourceQuality "1"]

1. d4 f5 2. Bg5 g6 3. h4 h6 4. Bf4 Nf6 5. e3 d6 6. Bc4 Bd7 7. c3 c6 8. Qb3 Qc7 9. Bf7+ Kd8 10. Bxg6 Nd5 11. Bg3 e6 12. Bh5 Be8 13. Bxe8 Kxe8 14. c4 Nf6 15. c5 Qd7 16. cxd6 Ne4 17. Ne2 Bxd6 18. Bxd6 Nxd6 19. Nf4 Kf7 20. Nd2 b6 21. Nf3 Ke7 22. Ng6+ 1-0

[Event "Colombo Sri Lanka GP"]
[Site "Colombo"]
[Date "2015.11.24"]
[Round "6"]
[White "Galappaththi, Chinthaka Anuruddh"]
[Black "Senanayaka, PD."]
[Result "1-0"]
[WhiteElo "2100"]
[BlackElo "1769"]
[PlyCount "53"]
[EventDate "2015.11.21"]
[EventType "tourn"]
[EventRounds "9"]
[EventCountry "SRI"]
[SourceTitle "CBM 169 Extra"]
[Source "ChessBase"]
[SourceDate "2015.12.18"]
[SourceVersion "1"]
[SourceVersionDate "2015.12.18"]
[SourceQuality "1"]

1. Nf3 Nf6 2. d4 d5 3. e3 e6 4. Bd3 c5 5. c3 Nc6 6. Nbd2 Bd6 7. 0-0 0-0 8. Qe2 cxd4 9. exd4 Qc7 10. Re1 Nd7 11. Nf1 e5 12. dxe5 Ncxe5 13. Nxe5 Nxe5 14. Qc2 h6 15. Be3 Bg4 16. Be2 Be6 17. Rad1 Rad8 18. h3 f5 19. Nd2 f4 20. Bd4 f3 21. Nxf3 Nxf3+ 22. Bxf3 Rxf3 23. Rxe6 Rf7 24. Rde1 b6 25. Qg6 Bc5 26. Re8+ Rf8 27. R8e7 1-0

[Event "Colombo Sri Lanka GP"]
[Site "Colombo"]
[Date "2015.11.24"]
[Round "7"]
[White "Senanayaka, PD."]
[Black "Randil, Lakshita"]
[Result "1/2-1/2"]
[WhiteElo "1769"]
[BlackElo "1886"]
[PlyCount "119"]
[EventDate "2015.11.21"]
[EventType "tourn"]
[EventRounds "9"]
[EventCountry "SRI"]
[SourceTitle "CBM 169 Extra"]
[Source "ChessBase"]
[SourceDate "2015.12.18"]
[SourceVersion "1"]
[SourceVersionDate "2015.12.18"]
[SourceQuality "1"]

1. d4 d5 2. e3 c6 3. Nf3 Nf6 4. b3 Bg4 5. Bb2 Nbd7 6. Be2 g6 7. h3 Bxf3 8. Bxf3 Bg7 9. Nd2 0-0 10. 0-0 Re8 11. e4 dxe4 12. Bxe4 Nxe4 13. Nxe4 Nf6 14. Qf3 Nxe4 15. Qxe4 Qa5 16. a4 Rad8 17. Rad1 Qd5 18. Qe2 e6 19. Bc1 Bxd4 20. c3 Qe5 21. Qxe5 Bxe5 22. c4 Bd4 23. Rd2 c5 24. Rfd1 e5 25. Ba3 b6 26. a5 e4 27. Kf1 e3 28. fxe3 Rxe3 29. axb6 axb6 30. Bb2 Rxb3 31. Bxd4 cxd4 32. Rxd4 Re8 33. Re1 Kf8 34. Rd7 Rb4 35. Rb7 Rxc4 36. Rxe8+ Kxe8 37. Rxb6 Rc2 38. Rb7 Kf8 39. Kg1 Kg7 40. Kh2 g5 41. Kg3 Rc4 42. Kf3 Rf4+ 43. Kg3 Kg6 44. Ra7 h5 45. Rb7 Re4 46. Rb3 h4+ 47. Kf2 Kf5 48. Rb5+ Re5 49. Rb4 Re4 50. Rb5+ Kf4 51. Ra5 Rb4 52. Ra2 f5 53. Rc2 g4 54. hxg4 Kxg4 55. Rc3 Rb2+ 56. Kg1 f4 57. Rc8 Rb5 58. Kh2 Rh5 59. Rg8+ Rg5 60. Rf8 1/2-1/2

[Event "Colombo Sri Lanka GP"]
[Site "Colombo"]
[Date "2015.11.23"]
[Round "5"]
[White "Senanayaka, PD."]
[Black "Lamahewa, C."]
[Result "0-1"]
[WhiteElo "1769"]
[BlackElo "1860"]
[PlyCount "86"]
[EventDate "2015.11.21"]
[EventType "tourn"]
[EventRounds "9"]
[EventCountry "SRI"]
[SourceTitle "CBM 169 Extra"]
[Source "ChessBase"]
[SourceDate "2015.12.18"]
[SourceVersion "1"]
[SourceVersionDate "2015.12.18"]
[SourceQuality "1"]

1. d4 e6 2. c4 f5 3. Nc3 d5 4. Nf3 c6 5. Bf4 Nf6 6. Qa4 Bd6 7. Ne5 Nh5 8. Bd2 Bxe5 9. dxe5 d4 10. Nb1 Nd7 11. e3 Nxe5 12. exd4 Qxd4 13. Nc3 Ng4 14. Nd1 Qe4+ 15. Ne3 Nxe3 16. fxe3 Qh4+ 17. Kd1 Ng3 18. hxg3 Qxh1 19. Kc2 0-0 20. Qa5 Qh6 21. Rd1 b6 22. Qe5 Qf6 23. Qc7 Rf7 24. Qxc6 Bb7 25. Qa4 Be4+ 26. Kc1 Rd8 27. Bc3 Rxd1+ 28. Qxd1 Qe7 29. Qb3 Qc7 30. Qb5 Bc6 31. Qa6 Rd7 32. Be2 Bxg2 33. Be5 Qc5 34. Bd4 Qd6 35. Qb5 Bc6 36. Qa6 e5 37. c5 bxc5 38. Bc3 h6 39. Qc8+ Kh7 40. g4 f4 41. g5 f3 42. g6+ Kxg6 43. Qe8+ Kh7 0-1

[Event "Colombo Sri Lanka GP"]
[Site "Colombo"]
[Date "2015.11.21"]
[Round "2"]
[White "Senanayaka, PD."]
[Black "Silva, Dineth Sunera"]
[Result "1-0"]
[WhiteElo "1769"]
[BlackElo "1860"]
[PlyCount "50"]
[EventDate "2015.11.21"]
[EventType "tourn"]
[EventRounds "9"]
[EventCountry "SRI"]
[SourceTitle "CBM 169 Extra"]
[Source "ChessBase"]
[SourceDate "2015.12.18"]
[SourceVersion "1"]
[SourceVersionDate "2015.12.18"]
[SourceQuality "1"]

1. Nf3 d5 2. d4 Nf6 3. g3 Bf5 4. Bg2 e6 5. 0-0 Bd6 6. c3 c6 7. Re1 Nbd7 8. Nbd2 Ne4 9. Nh4 g5 10. Nxf5 exf5 11. Nf1 f4 12. f3 fxg3 13. fxe4 gxh2+ 14. Nxh2 Bxh2+ 15. Kxh2 g4 16. exd5 cxd5 17. e4 Qh4+ 18. Kg1 0-0-0 19. exd5 Nf6 20. Qe2 Rde8 21. Qc4+ Kb8 22. Bf4+ Ka8 23. Rxe8+ Rxe8 24. Be5 Nd7 25. Qb5 Qe7 1-0

[Event "Colombo Grand Prix"]
[Site "Colombo"]
[Date "2014.11.29"]
[Round "9"]
[White "Senanayaka, PD."]
[Black "Galappaththi, Chinthaka Anuruddh"]
[Result "0-1"]
[WhiteElo "1773"]
[BlackElo "2157"]
[PlyCount "90"]
[EventDate "2014.11.21"]
[EventType "tourn"]
[EventRounds "11"]
[EventCountry "SRI"]
[SourceTitle "CBM 163 Extra"]
[Source "ChessBase"]
[SourceDate "2014.12.23"]
[SourceVersion "1"]
[SourceVersionDate "2014.12.23"]
[SourceQuality "1"]

1. Nf3 d6 2. d4 Nd7 3. g3 e5 4. e4 Ngf6 5. Nc3 Be7 6. Bg2 0-0 7. 0-0 c6 8. Re1 Qc7 9. a4 b6 10. Bg5 a6 11. Nh4 Re8 12. Nf5 Bf8 13. dxe5 dxe5 14. Qf3 Bb7 15. Rad1 b5 16. h4 b4 17. Nb1 a5 18. Nd2 Ba6 19. b3 Kh8 20. Nf1 Ng8 21. Bh3 Nc5 22. h5 Ne6 23. Bh4 g6 24. Nd6 Bxd6 25. Bf6+ Nxf6 26. Qxf6+ Kg8 27. hxg6 hxg6 28. Ne3 Be7 29. Qf3 Ng5 30. Qg4 Bc8 31. Nf5 Nxh3+ 32. Qxh3 gxf5 33. exf5 Bf6 34. Re4 Bg7 35. Qh5 Rd8 36. Rde1 Qd7 37. Qh4 f6 38. g4 Bb7 39. R4e3 Qd4 40. Rh3 Qf4 41. Qh7+ Kf8 42. Qg6 Rd2 43. Rh2 Qg5 44. Qh7 c5 45. Rh3 Rad8 0-1

[Event "Colombo Grand Prix"]
[Site "Colombo"]
[Date "2014.11.28"]
[Round "7"]
[White "Senanayaka, PD."]
[Black "Kandearachchi, Niranga"]
[Result "0-1"]
[WhiteElo "1773"]
[BlackElo "1990"]
[PlyCount "84"]
[EventDate "2014.11.21"]
[EventType "tourn"]
[EventRounds "11"]
[EventCountry "SRI"]
[SourceTitle "CBM 163 Extra"]
[Source "ChessBase"]
[SourceDate "2014.12.23"]
[SourceVersion "1"]
[SourceVersionDate "2014.12.23"]
[SourceQuality "1"]

1. d4 Nf6 2. c4 g6 3. Nc3 Bg7 4. e4 d6 5. Nf3 0-0 6. Be2 Nbd7 7. 0-0 e5 8. d5 Nc5 9. Qc2 a5 10. Be3 b6 11. a3 a4 12. Bxc5 bxc5 13. Nd2 Bh6 14. b4 axb3 15. Nxb3 Ne8 16. Ra2 f5 17. Bf3 f4 18. Qe2 Nf6 19. g4 Bg5 20. a4 Kg7 21. Kg2 h5 22. gxh5 Rh8 23. Rg1 Nxh5 24. Kf1 Bh3+ 25. Ke1 Nf6 26. Rxg5 Nxd5 27. Rxg6+ Kxg6 28. Nxd5 Bd7 29. a5 Rb8 30. Qc2 Rh3 31. Nd2 Qh4 32. a6 Qd8 33. a7 Ra8 34. Qb1 Rxh2 35. Nf1 Rh7 36. Qb7 Be6 37. Qc6 Rf7 38. Nh2 Rh7 39. Nf1 Bd7 40. Qxc7 Bc6 41. Qxd8 Rxd8 42. Ne7+ Rxe7 0-1

[Event "Colombo Grand Prix"]
[Site "Colombo"]
[Date "2014.11.21"]
[Round "1"]
[White "Kurukulasuriya, Prasanna"]
[Black "Senanayaka, PD."]
[Result "1-0"]
[WhiteElo "2063"]
[BlackElo "1773"]
[PlyCount "105"]
[EventDate "2014.11.21"]
[EventType "tourn"]
[EventRounds "11"]
[EventCountry "SRI"]
[SourceTitle "CBM 163 Extra"]
[Source "ChessBase"]
[SourceDate "2014.12.23"]
[SourceVersion "1"]
[SourceVersionDate "2014.12.23"]
[SourceQuality "1"]

1. e4 d5 2. exd5 Qxd5 3. Nc3 Qd6 4. d4 c6 5. Nge2 Nf6 6. Bf4 Qd8 7. Ng3 g6 8. Qd2 Be6 9. h4 h6 10. Be2 Bg7 11. Bf3 Nd5 12. Be5 f6 13. Bf4 Nxf4 14. Qxf4 Qb6 15. 0-0-0 f5 16. Qe3 Bf7 17. h5 Bf6 18. hxg6 Bxg6 19. Qe6 Nd7 20. Bh5 Bg5+ 21. Kb1 Bxh5 22. Nxh5 0-0-0 23. f4 Bf6 24. Nxf6 exf6 25. Qxf5 Kb8 26. Ne4 Qb4 27. Nxf6 Nb6 28. a3 Qa4 29. d5 cxd5 30. Qe5+ Ka8 31. Nxd5 Nxd5 32. Rxd5 Rde8 33. Qd4 Qxd4 34. Rxd4 Re2 35. Rxh6 Rc8 36. Rc4 Rg8 37. Rg6 Rf8 38. Rc7 b5 39. Rgg7 a5 40. g3 b4 41. Ra7+ Kb8 42. axb4 axb4 43. Rgb7+ Kc8 44. Re7 Rxe7 45. Rxe7 Rg8 46. Re3 Kd7 47. Ka2 Kd6 48. Kb3 Kc5 49. Re5+ Kd6 50. Rg5 Rb8 51. f5 Ke5 52. g4 Rb7 53. Rg6 1-0